Statistics for Countries without a railway network

Click here to take the quiz!

General Stats

  • This quiz has been taken 33 times
    (20 since last reset)
  • The average score is 32 of 51

Answer Stats

ContinentCountry% Correct
EuropeAndorra
89%
EuropeSan Marino
84%
OceaniaTonga
84%
AsiaBhutan
79%
AsiaYemen
79%
North AmericaBahamas
74%
AsiaBahrain
74%
AfricaChad
74%
North AmericaDominica
74%
EuropeIceland
74%
North AmericaTrinidad and Tobago
74%
AsiaBrunei
68%
OceaniaFederated States of Micronesia
68%
North AmericaHaiti
68%
EuropeMalta
68%
OceaniaPapua New Guinea
68%
North AmericaSaint Lucia
68%
OceaniaSamoa
68%
AfricaSeychelles
68%
OceaniaTuvalu
68%
OceaniaVanuatu
68%
North AmericaAntigua and Barbuda
63%
North AmericaBarbados
63%
North AmericaBelize
63%
AfricaCentral African Republic
63%
AfricaComoros
63%
North AmericaGuatemala
63%
AsiaKuwait
63%
AsiaOman
63%
OceaniaPalau
63%
AfricaRwanda
63%
AfricaSão Tomé and Príncipe
63%
OceaniaSolomon Islands
63%
AfricaBurundi
58%
AsiaMaldives
58%
OceaniaMarshall Islands
58%
North AmericaSaint Vincent and the Grenadines
58%
AfricaCape Verde
53%
AsiaCyprus
53%
AsiaEast Timor
53%
AfricaGambia
53%
North AmericaGrenada
53%
AfricaLibya
53%
North AmericaNicaragua
53%
AfricaSomalia
53%
AfricaEquatorial Guinea
47%
AfricaGuinea-Bissau
47%
OceaniaKiribati
47%
South AmericaGuyana
42%
AsiaLebanon
42%
South AmericaSuriname
42%

Score Distribution

Percentile by Number Answered

Percent of People with Each Score

Your Score History

You have not taken this quiz since the last reset